Flags of Former Countries - Statistics

General Stats
  • This quiz has been taken 60 times
  • The average score is 7 of 15
Answer Stats
Picture Answer % Correct
Soviet Union
98%
East Germany
88%
Yugoslavia
86%
Czechoslovakia
71%
Ottoman Empire
71%
Republic of Texas
67%
Kingdom of Hawaii
53%
South Vietnam
39%
South Yemen
31%
North Yemen
20%
United Arab Republic
20%
Vermont Republic
20%
Zanzibar
18%
Sikkim
16%
Tanganyika
16%
No matching quizzes found
Score Distribution
Percent of People with Each Score
Percentile by Number Answered
Your Score History
You have not taken this quiz